000
00305nam a22001097a 4500
082
_a
355 WOR'D
100
_a
WORLEY, MORVIN L
_9
60321
245
_a
A DIGEST OF NEW DEVELOPMENTS IN ARMY WEAPONS TACTICS ORGANIZATION AND EQUIPMENT
260
_a
PENNSYLVANIA
_b
STACKPOLE
_c
1959
300
_a
378P
942
_c
BK
999
_c
570076
_d
570076